000 00957nam a2200229Ii 4500
003 JO-AjNU
008 230605s9999||||xx |||||||||||||| ||und||
017 _a2008/11/3928
020 _a978-9957-32-437-7
040 _aJO-AjNU
_bara
_erda
_cJO-AjNU
041 _aara
050 1 4 _aHF5655.A7.T55 2010
100 3 _aالتكريتي،اسماعيل يحيى / م.مشارك: عبدالوهاب حبش الطعمه، انتصار عبود مراد التميمي,
_eauthor
_929326
245 0 0 _aاسس ومبادىء المحاسبة المالية ج1
250 _aط1
264 3 1 _aعمان: دار الحامد للنشر والتوزيع، 2010
300 _aج1، 308ص
_bيحتوي على ببلوغرافية من ص307-308ص، محكم تحكيما علميا ومنهجيا
336 _atext
_btxt
_2rdacontent
337 _aunmediated
_bn
_2rdamedia
338 _avolume
_bnc
_2rdacarrier
650 4 _aالمحاسبة المالية
_929327
999 _aA11486
_c15054
_d15054